Proyectos de riego para producción sostenida: su evaluación /
Guardado en:
| Autor Principal: | |
|---|---|
| Formato: | Libro |
| Idioma: | Spanish |
| Publicado: |
Bahía Blanca :
Universidad Nacional del Sur,
1994.
|
| Series: | Curso FAO-UNS sobre "Tierras de regadío"
|
| Materias: | |
| Etiquetas: |
Agregar Etiqueta
Sin Etiquetas, Sea el primero en etiquetar este registro!
|
| LEADER | 00605nam a22001815a 4500 | ||
|---|---|---|---|
| 001 | EUN.um031444 | ||
| 008 | 041125s1994####ag############000#0#spa#d | ||
| 005 | 20090408121932.0 | ||
| 245 | 1 | 0 | |a Proyectos de riego para producción sostenida: su evaluación / |c Jorge A. Luque. |
| 260 | |a Bahía Blanca : |b Universidad Nacional del Sur, |c 1994. | ||
| 300 | |a 11 p. | ||
| 490 | 0 | |a Curso FAO-UNS sobre "Tierras de regadío" | |
| 100 | 1 | |a Luque, Jorge Alfredo. | |
| 082 | 0 | 4 | |a 631.7 |
| 653 | |a Agricultura | ||
| 653 | |a Agricultura de riego | ||
| 653 | |a Riego | ||
| 859 | |a Ar-BaUNS |b BIB. CENTRAL - Sector A |h 631.7 |i L974-16 |p 104229/995 | ||
